| 000 | 00805nas a2200253 4500 | ||
|---|---|---|---|
| 001 | BR0800942 | ||
| 003 | BR-BrBNA | ||
| 005 | 20231205111627.0 | ||
| 007 | ta | ||
| 008 | 230509b bl.|||p| |||| 00| 00por d | ||
| 040 |
_aBR-BrBNA _bpor _cBiblioteca Nacional de Agricultura |
||
| 041 | _a(Pt) | ||
| 072 | _aL20; L53 | ||
| 100 | 1 | _aSilva, J. de L. e | |
| 100 | 1 | _aCaraiola, M.A.S. | |
| 245 | 1 | _aA formação dos oostegitos em Porcello dilatatus Brandt (Crustacea, Isopoda, Oniscidea)em laboratório | |
| 650 | _aECOLOGIA ANIMAL | ||
| 650 | _aREPRODUÇÃO ANIMAL | ||
| 650 | _aCRUSTACEO | ||
| 650 | _aTATUZINHO | ||
| 773 | 0 |
_tRevista Brasileira de Zoologia (Brazil) _xISSN 0101-8175 _g(Jun 1999), v. 16(1) p. 305-318 _wBR0800942 |
|
| 909 |
_a202311 _bLúcia _c55 _dLúcia Elande |
||
| 942 |
_2AGRIS _n0 _cANA |
||
| 999 |
_c193623 _d193623 |
||